241230 - Quiz quotidien du 30 décembre 2024 - Statistiques

Statistiques générales
  • Ce quiz a été pris 48 fois
  • Le résultat moyen est 5 sur 10
Statistiques - réponses
Question Réponse % Correct
Dans quelle guerre Jeanne d'Arc a-t-elle combattu ? Guerre de Cent Ans
100%
Quel groupe politique contrôle actuellement l'Afghanistan ? Talibans
100%
Lequel de ces pays parle portugais ? Angola
67%
Quel philosophe pensait que "Les plus grandes âmes sont capables des plus grands vices aussi bien que des plus grandes vertus" ? Descartes
67%
Quel célèbre squelette d'Australopithèque afarensis a été découvert en Éthiopie en 1974 et nommé d'après une chanson des Beatles ? Lucy
67%
Dans quel État des États-Unis se trouve Denali, la plus haute montagne d'Amérique du Nord ? Alaska
33%
Quel minéral est souvent ajouté à l'eau pour prévenir les caries ? Fluor
33%
Comment appelle-t-on les colonnes et les lignes du tableau périodique des éléments ? Groupes et périodes
33%
Quel pays a brièvement institué le "Temps Révolutionnaire", où les journées comptaient 10 heures, les heures 100 minutes, et les minutes 100 secondes ? France
0%
Quelle ville canadienne est reliée à Detroit par un pont ? Windsor
0%
Aucun quiz correspondant
Distribution des résultats
% des personnes avec chaque résultat
Percentile par nombre de réponses
Votre historique - résultats
Vous n’avez pas pris ce quiz